00784cam a22002291 4500952013000000999001700130001000800147003000400155005001700159008004100176040000900217082001800226100003300244245005600277260004300333300001900376350000900395504003000404600003300434906004500467942004200512 00102ddc40708ISLAMaMESbMEScISLd2019-02-20g75.00l0o297.63 HUS/Pp28406r2019-02-20 00:00:00w2019-02-20yBKzGL46R4 c22589d225891234233OSt20200320151058.0710426s1967 enk b 000 0beng  coclc00a297.63bHUS/P aHusain, S Athard1920-9213810aProphet Muhammad and his mission /c S Athar Husain aLondon,bAsia Publishing House,c1967. a214 p.c23 cm. a28/- aBibliography: p. 207-210.00aMuḥammad,cProphet,d-632. a7bcbccorignewdueopcnf19gy-gencatlg 2ddccBKh297.63iHUS/Pk297.63mHUS/P